AFRICAN, theatre China, India and the East and West World

Uloženo v:
Podrobná bibliografie
Médium: Kniha
Jazyk:angličtina
Vydáno: Woodbridge, Suffolk: James Currey, 2017
Tagy: Přidat tag
Žádné tagy, Buďte první, kdo vytvoří štítek k tomuto záznamu!

MARC

LEADER 00000nam a22000007a 4500
008 210526b ||||| |||| 00| 0 eng d
020 |a ISBN: 978-1-84701-173-2 
245 |a AFRICAN, theatre China, India and the East and West World  |g  xiv, 231p.; ill. 
250 |c [edited by] Martin Banham --- [et.al.].-  
260 |b Woodbridge, Suffolk: James Currey,   |c  2017  |h New York:   |i 694231   |i 694230 –ARTS  |l PN 1590 .Af8  |m African drama (English)  |m  Africa – Drama.  |m  African drama – 20th century.  |m  Banham, Martin 
942 |a lcc  |c BK  |e j o ifatola  |f 26/ 5/ 2021 
952 |0 0  |1 0  |2 lcc  |4 0  |6 PN1590 A F8  |7 0  |9 2439  |a HOL  |b HOL  |c LP  |d 2021-05-26  |l 0  |o PN 1590 .Af8  |p 2021-6290  |r 2021-05-26 00:00:00  |w 2021-05-26  |y BK 
952 |0 0  |1 0  |2 lcc  |4 0  |6 PN1590 A F8  |7 0  |9 2442  |a HOL  |b ART  |c LP  |d 2021-05-26  |l 0  |o PN 1590 .Af8  |p 2021-6293  |r 2021-05-26 00:00:00  |w 2021-05-26  |y BK 
999 |c 1273  |d 1273